000 00928nam a2200217 i 4500
001 156363
003 ES-MaACL
005 20250719062539.0
008 040728s1887 sp |||| | spa d
100 1 _aJimeno Agius, José.
_9128307
245 1 3 _aLa criminalidad en España /
_cpor J. Jimeno Agíus.
260 _aMadrid :
_b[s.n.],
_c1887 (
_fImp. de José Góngora)
300 _a36 p. ;
_c23 cm.
650 4 _aDelincuencia-
_zEspaña.
_9151684
852 _aES-MaACL
_jD-85(7)
_xEncuadernación con otras obras formando un volumen facticio
_9162120
_bR.FOLL.5/7
_cSVI
_dOlim: 193-C-19
_gAnotación manuscrita en cubierta: "Folletos penitenciarios. Tomo 9."
_hDonación: Francisco Lastres y Juiz
852 _aES-MaACL
_jT-1261-F-6
_cDEPOF
_9162119
903 _aLastres y Juiz, Francisco,
_d1848-1918
_q1
_ednr
_970504
942 _2udc
_cFOLLETOS
999 _c156363
_d156363